00473nam a2200157Ia 450000500170000000800410001708200130005810000200007124500210009126000380011230000130015050000320016394200060019595200990020199900150030020250406055153.0240331s9999 xx 000 0 und d bSENa894 aSengaiaaliyan,K 0aKanthavel koddam aJaffnabKamalam Pathippagamc1991 a141 p ., aA Historical Novel In Tamil cL 001040708LaWERCLbWERCLcSSCd2024-03-31l0o 894.811 SENp1210r2024-03-31w2024-03-31yL c4008d4008